LEADER 00605nam0 2200229 450 001 000011202 005 20080514144218.0 100 $a20080514d1958----km-y0itay50------ba 101 0 $aita 102 $aIT 105 $ay-------001-y 200 1 $aTecnica mercantile$etrasporti, dogane 205 $a5. ed 210 $aMilano$cU. Hoepli$d1958 215 $aXVI, 402 p. 676 $a388.4$v20 700 1$aRenzi,$bAntonio$03771 801 0$aIT$bUNIPARTHENOPE$c20080514$gRICA$2UNIMARC 912 $a000011202 951 $a388.4/100$b13477$cNAVA1 996 $aTecnica mercantile$9431799 997 $aUNIPARTHENOPE